Quiz mythologique : Héraclès. - Statistiques

Statistiques générales
  • Ce quiz a été pris 47 fois
  • Le résultat moyen est 7 sur 18
Statistiques - réponses
Questions Réponses % Correct
Père Zeus
93%
Quel est son équivalent romain ? Hercule
87%
Sous quelle nom est connue la série d'exploits qu'il dût accomplir pour le roi Eurysthée ? Les Douze Travaux
78%
Quels animaux, envoyés par l'épouse de son père pour le tuer dans son berceau, étrangle-t-il de ses propres mains ? Serpents
71%
Il gagna l'immortalité en tétant le lait de cette déesse Héra
69%
De quel animal, vaincu lors de ceux-ci, se sert-il de la peau comme armure ? Lion de Némée
67%
Il a été l'élève de ce centaure Chiron
58%
Avec quelle arme emblématique se bat-il souvent ? Massue
44%
Quel héros athénien délivra-t-il des Enfers ? Thésée
42%
Sur l'Olympe, quelle déesse épouse-t-il ? Hébé
27%
Mère Alcmène
24%
Quelle femme épousa-t-il après l'avoir sauvée d'un monstre marin ? Déjanire
22%
Comment meurt Héraclès ? Immolé par le feu
20%
De quelle cité vient-il ? Thèbes
13%
Quel centaure la trompa en lui disant que son sang était un philtre d'amour ? Nessos
9%
Selon certains récits, il porte ce nom avant de commencer à réaliser ses exploits Alcide
7%
Quel terme désigne sa déification et son entrée à l'Olympe parmi les dieux ? Apothéose
4%
De quoi devient-il alors le dieu ? Ephèbes
2%
Aucun quiz correspondant
Distribution des résultats
% des personnes avec chaque résultat
Percentile par nombre de réponses
Votre historique - résultats
Vous n’avez pas pris ce quiz